000 00519nam a2200121Ia 4500
008 220615s9999||||xx |||||||||||||| ||und||
100 _aBaumann, Amelie
245 0 _aBecoming Donor-Conceived
_bThe Transformation of Anonymity in Gamete Donation
546 _aEnglish[eng]
650 _aSocial Science||Disease & Health Issues||Social Science||Anthropology||Cultural & Social||Philosophy||Ethics & Moral Philosophy
856 _uhttps://library.oapen.org/bitstream/20.500.12657/54673/1/external_content.pdf
942 _cEB
999 _c13490
_d13490